Grandes dates de l'histoire: Expension de l'Europe à l'URSS de Staline - Statistiques

Statistiques générales
  • Ce quiz a été pris 93 fois
    72 depuis la dernière actualisation
  • Le résultat moyen est 21 sur 59
Statistiques - réponses
Hint Réponse % Correct
La loi Jule Ferry rend l’enseignement primaire obligatoire 1882
71%
Loi de séparation de l’église et de l’État 1905
64%
Conférence de la Paix. Traité de Versailles signé le 28 juin créant la Société des Nations, l’ancêtre de l’ONU 1919
64%
Fondation de l’URSS 1922
64%
La Commune de Paris 1871
57%
Affaire Dreyfus 1898
57%
Bataille de Verdun 1916
57%
Les frères Lumiére créent le cinématographe 1895
54%
Révolutions russes (Révolution d'Octobre) 1917
54%
Printemps des Peuples 1848
50%
Ouverture de la Tour Eiffel 1889
50%
Armistice. Victoire des Alliés (jour,mois,année) 11 novembre 1918
46%
Trois glorieuses du 27,28,29 juillet 1830
46%
Abolition de l’esclavage 1848
46%
Proclamation de l’Empire allemand 1871
46%
Pasteur découvre le vaccin contre la rage 1885
46%
Grande famine 1921
46%
Fin du congrès de Vienne 1815
43%
Fin de l'unification italienne 1870
43%
Attentat de Sarajevo (jour,mois,année) 28 juin 1914
43%
Abolition de l'esclavage aux Etats-Unis 1865
39%
Inauguration du canal de Suez 1869
39%
Dissolution de l'empire Ottoman 1922
39%
Assassinat de Léon Trotski par ordre de Staline 1940
39%
Machine à vapeur de Watt 1769
36%
Début de la conférence de Berlin 1884
36%
Moteur à explosion 1886
36%
Trotski est exilé. Staline contrôle le Parti Communiste et devient le maître du pays 1928
36%
Début des révolutions en Europe (révolutions Belge et Polonaise) 1830
32%
II ème république (début et fin) 1848 à 1852
32%
Second Empire instauré par Napoléon III (début et fin) 1852 à 1870
32%
Fachoda : crise franco-britannique 1898
32%
Maroc : crise franco-allemande (Coup d'Agadir) 1911
32%
Deuxième grande famine 1933
32%
Première révolution industrielle (début et fin) 1760 à 1840
29%
Monarchie de Juillet (début et fin) 1830 à 1848
29%
Collectivisation des terres. Politique de planification 1929
29%
L’Autriche déclare la guerre à la Serbie (jour,mois) 28 juillet
29%
Mort de Staline (jour,mois,année) 5 mars 1953
29%
La photographie 1839
25%
Seconde révolution industrielle (début et fin) 1880 à 1914
25%
Fondation de la Fédération indochinoise 1887
25%
Procès de Moscou (début et fin) 1936 à 1938
25%
Entrée en guerre des États-Unis (mois,année) Avril 1917
25%
Victoria prend le titre d'impératrice des Indes 1876
21%
Guerre de mouvement (début et fin) 1914 à 1915
21%
Guerre de position. Puis début 1918, retour à la guerre de mouvement jusqu’à l’armistice (début et fin) 1915 à 1918
21%
Mort de Lénine (jour,mois,année) 21 janvier 1924
21%
La Russie mobilise (jour,mois) 30 juillet
21%
L’Allemagne lance un ultimatum à la Russie (jour,mois)) 31 juillet
21%
L’Allemagne déclare la guerre à la France et envahit la Belgique et le Luxembourg (jour,mois) 3 août
21%
Le Royaume-Uni déclare la guerre à l’Allemagne (jour,mois) 4 août
21%
Proclamation de la IIIème république (jour,mois,année) 4 septembre 1870
21%
L’Allemagne déclare la guerre à la Russie (jour,mois) 1er août
18%
L’Autriche lance un ultimatum à la Serbie (jour,mois) 23 juillet
18%
La Russie soutient la Serbie (jour,mois) 25 juillet
18%
La France mobilise (jour,mois) 2 août
18%
Machine à vapeur. Locomotive de Stephenson 1814
14%
Conquête de l’Algérie par la France (début et fin) 1830 à 1903
14%
Aucun quiz correspondant
Distribution des résultats
% des personnes avec chaque résultat
Percentile par nombre de réponses
Votre historique - résultats
Vous n’avez pas pris ce quiz depuis la dernière actualisation